[Event "Bad Woerishofen op"]
[Site "Bad Woerishofen"]
[Date "1998.??.??"]
[Round "9"]
[White "Martinovic, Slobodan"]
[Black "Timoshchenko, Gennadi A"]
[Result "1-0"]
[WhiteElo "2470"]
[BlackElo "2520"]

1.Nf3 d5 2.g3 c6 3.Bg2 Bg4 4.O-O Nd7 5.d4 e6 6.Nbd2 Ngf6 7.Re1 Be7 8.e4 O-O
9.c3 e5 10.exd5 exd4 11.dxc6 dxc3 12.cxd7 cxd2 13.Bxd2 Nxd7 14.Be3 Nc5 15.Qe2 Qd3
16.h3 Bf5 17.Rad1 Qxe2 18.Rxe2 Bd3 19.Red2 Be4 20.Ne5 Bxg2 21.Kxg2 Rfe8 22.Nc4 Rac8
23.b3 b6 24.Kf3 h6 25.h4 h5 26.Rd5 g6 27.Nd6 Bxd6 28.Rxd6 Rc7 29.Rd8 Rxd8
30.Rxd8+ Kg7 31.Bd4+ f6 32.Rd6 Nd7 33.Ke4 Kf7 34.Kd5 b5 35.Rc6 Rb7 36.b4 Ke7
37.f3 Kf7 38.g4 Ke7 39.gxh5 gxh5 40.f4 Kf7 41.f5 Ke7 42.Re6+ Kf7 43.Kc6  1-0

[Event "Stadtcasino op 3rd"]
[Site "Baden"]
[Date "1998.??.??"]
[Round "5"]
[White "Moor, Roger"]
[Black "Eschbach, Dennis"]
[Result "1-0"]
[WhiteElo "2315"]
[BlackElo "2305"]

1.Nf3 d5 2.g3 Nf6 3.Bg2 g6 4.b4 Bg7 5.Bb2 O-O 6.O-O a5 7.b5 c6 8.a4 Ne4 9.Bxg7 Kxg7
10.d3 Nd6 11.Na3 Nd7 12.c4 e6 13.Qc2 Nb8 14.e4 dxe4 15.dxe4 c5 16.Rad1 Qe7
17.Qd3 Ne8 18.e5 Nd7 19.h4 h5 20.Nb1 Rh8 21.Nc3 Nb6 22.Ng5 Qc7 23.Rfe1 Nd7
24.Qf3 Rf8 25.Qf4 Nb6 26.Nge4 Nxc4 27.Nf6 Nb6 28.Qg5 Rh8 29.Bf3 Nxf6 30.Qxf6+ Kh7
31.Ne4 Rf8 32.g4 hxg4 33.h5 gxf3 34.hxg6+ Kg8 35.g7  1-0

[Event "Stadtcasino op 3rd"]
[Site "Baden"]
[Date "1998.??.??"]
[Round "8"]
[White "Arquint, Andri"]
[Black "Ammann, Walter"]
[Result "0-1"]
[WhiteElo "2150"]
[BlackElo "2260"]

1.Nf3 d5 2.g3 Nf6 3.Bg2 e6 4.O-O Be7 5.d3 O-O 6.Nbd2 c5 7.e4 Nc6 8.Re1 b5
9.e5 Nd7 10.Nf1 Rb8 11.Bf4 Rb6 12.h4 Nd4 13.Nxd4 cxd4 14.Nh2 Rc6 15.Nf3 Qb6
16.Ng5 Bxg5 17.hxg5 g6 18.Bf3 Bb7 19.Kg2 Rfc8 20.Rc1 Qc7 21.Re2 Qd8 22.Qd2 a5
23.b4 Rc3 24.Qd1 a4 25.Bd2 R3c6 26.Bf4 Qe7 27.Bd2 a3 28.Bg4 Nb6 29.f4 Na4
30.Qh1 Rxc2 31.Rf1 Nc3 32.Ref2 Ne4 33.dxe4 dxe4 34.Qh4 Rxd2 35.Rxd2 e3+ 36.Bf3 exd2
37.Rh1 h5 38.Rd1 Bxf3+ 39.Kxf3 Qxb4 40.Qh2 Qc3+ 41.Ke2 Qe3+ 42.Kf1 Qf3+  0-1

[Event "Bagneux"]
[Site "Bagneux"]
[Date "1998.??.??"]
[Round "1"]
[White "Gyorkos, Lajos"]
[Black "Fiol, Fabrice"]
[Result "1-0"]
[WhiteElo "2435"]
[BlackElo "2260"]

1.Nf3 d5 2.g3 Nf6 3.Bg2 c6 4.O-O Bg4 5.c4 Nbd7 6.cxd5 cxd5 7.Nc3 e6 8.Qb3 Bxf3
9.Bxf3 Qb6 10.Qxb6 Nxb6 11.d3 Rc8 12.Bf4 a6 13.Rac1 Bb4 14.Na4 Nfd7 15.Nxb6 Nxb6
16.Be3 Rxc1 17.Rxc1 d4 18.Bxd4  1-0

[Event "Bagneux"]
[Site "Bagneux"]
[Date "1998.??.??"]
[Round "3"]
[White "Gyorkos, Lajos"]
[Black "Dussart, Frederic"]
[Result "1-0"]
[WhiteElo "2435"]
[BlackElo "2250"]

1.Nf3 d5 2.g3 Bg4 3.Bg2 Nd7 4.O-O c6 5.d4 Ngf6 6.Nbd2 e6 7.Re1 Be7 8.c3 O-O
9.e4 dxe4 10.Nxe4 e5 11.dxe5 Bxf3 12.Qxf3 Nxe5 13.Qf5 Ng6 14.Be3 Nxe4 15.Bxe4 Qc7
16.Bc2 Rad8 17.Re2 Bf6 18.Rae1 b6 19.Qh5 Qc8 20.Bf5 Qa6 21.a3 Qa4 22.Bc2 Qc4
23.Bc1 Rd5 24.Qf3 Rdd8 25.h4 Qd5 26.Be4 Qd6 27.Qf5 Qe5 28.Qf3 Qd6 29.Qh5 c5
30.Bf4 Qd7 31.Bf5 Qa4 32.Re4 Qb5 33.Bc1 Rfe8 34.Rxe8+ Rxe8 35.Rd1 Qc6 36.Bd7 Qa8
37.Bxe8 Qxe8 38.Qd5 h6 39.Be3 Ne5 40.Bf4 Ng6 41.Qf5 Qe2 42.Rd7 Qe1+ 43.Kg2 Qe8
44.h5  1-0

[Event "Regionalliga SO9798"]
[Site "Bayern"]
[Date "1998.??.??"]
[Round "?"]
[White "Zenker, Ulrich"]
[Black "Stumpf, Heinz"]
[Result "0-1"]
[WhiteElo "2190"]
[BlackElo "2165"]

1.Nf3 d5 2.g3 c6 3.Bg2 Bg4 4.d3 Nd7 5.h3 Bh5 6.O-O e6 7.b3 Bd6 8.Bb2 Ngf6
9.Nbd2 O-O 10.Qe1 Re8 11.e4 e5 12.Nh4 a5 13.a3 Bg6 14.Nxg6 hxg6 15.Qe2 dxe4
16.dxe4 b5 17.Rfd1 Qe7 18.a4 Reb8 19.axb5 cxb5 20.Nb1 a4 21.bxa4 bxa4 22.Ba3 Bc5
23.Qd3 Nf8 24.Bxc5 Qxc5 25.Nc3 Rb4 26.Nd5 Rd4 27.Qe2 Ne6 28.c3 Rxd1+ 29.Qxd1 a3
30.Qb3 Ng5 31.h4 Ne6 32.Bf3 Qa5 33.Ne7+ Kh7 34.Kg2 Qa4 35.Qxa4 Rxa4 36.Nd5 Nc5
37.Bd1 Ra5 38.f3 Nxd5 39.exd5 Kg8 40.Kf1 Kf8 41.Ke2 Ke7 42.Bc2 Kd6 43.c4 a2
44.Kd2 Ra3 45.g4 f5 46.Kc1 Na4 47.gxf5 gxf5 48.Bxf5 Rxf3 49.Rxa2 Rf1+ 50.Kc2 Rf2+
51.Kb3 Nc5+ 52.Ka3 Rxf5 53.Rg2 e4 54.Kb4 e3 55.Kc3 Ke5 56.Rxg7 Kf4 57.Re7 Kf3
58.Kd4 Ne4 59.d6 e2 60.d7 e1=Q  0-1

[Event "Regionalliga NW9798"]
[Site "Bayern"]
[Date "1998.??.??"]
[Round "?"]
[White "Assmann, Norbert"]
[Black "Stauch, Edgar"]
[Result "1/2-1/2"]
[WhiteElo "2045"]
[BlackElo "2115"]

1.Nf3 d5 2.g3 c5 3.Bg2 Nc6 4.O-O e5 5.d3 Nf6 6.Nbd2 Be7 7.e4 d4 8.Nc4 Qc7
9.a4 O-O 10.b3 Bg4 11.h3 Bh5 12.g4 Bg6 13.Nh4 Ne8 14.Nf5 Nd6 15.Bd2 b6 16.Nxe7+ Qxe7
17.Nxe5 Nxe5 18.f4 f6 19.fxe5 fxe5 20.Qe2 h6 21.g5 Rxf1+ 22.Rxf1 hxg5 23.Qg4 Rf8
24.Bxg5 Rxf1+ 25.Bxf1 Qe8 26.Be2 Nf7 27.Bh4 Nh6 28.Qg5 Kh7 29.Bg3 Nf7 30.Qh4+ Kg8
31.Bh2 Qe6 32.Qg3 Kf8 33.h4 Qf6 34.Bg4 Ke7 35.h5 Bh7 36.Bh3 Qg5 37.Qxg5+ Nxg5
38.Bg4 Kd6 39.Bg3 Bg8 40.Bh4 Be6 41.Bxe6 Nxe6 42.Bg3 c4 43.bxc4 a5 44.Kg2 Nc5
45.Bh4 Ke6 46.Kf3 Nxa4 47.Ke2 Nc5 48.Kd2 Nd7 49.Bg5 Kd6 50.Kc1 Kc6 51.Kb2 Nf8
52.Ka3 Ne6 53.h6 gxh6 54.Bxh6 b5 55.cxb5+ Kxb5 56.Bd2 Nf4 57.Be1 a4 58.Bg3 Ng6
59.Bf2 Ne7 60.Bh4 Nc6 61.Bf6 Ka5 62.Bg7 Kb5 63.Bf8 Ka5 64.Bd6 Kb5 65.Bc7 Nb4
66.Kb2 a3+ 67.Kxa3 Nxc2+ 68.Kb3 Ne1 69.Bxe5 Nxd3 70.Bxd4 Kc6 71.Kc3 Nf4 72.Kc4 Kd6
73.Bc3 Ke6 74.Kd4 Ng6 75.Ke3 Ne7  1/2-1/2

[Event "Regionalliga NO9798"]
[Site "Bayern"]
[Date "1998.??.??"]
[Round "?"]
[White "Kustar, Sandor"]
[Black "Hilge, Andreas"]
[Result "1-0"]
[WhiteElo "2400"]
[BlackElo "2200"]

1.Nf3 d5 2.g3 c6 3.Bg2 Bf5 4.d3 h6 5.Nbd2 Nf6 6.b3 e6 7.Bb2 Be7 8.O-O O-O
9.Qe1 Bh7 10.e4 Na6 11.a3 Nc5 12.e5 Nfd7 13.Nd4 Qb6 14.N2f3 a5 15.Bh3 Qc7
16.Qe3 Kh8 17.Rae1 Rg8 18.Nd2 Nf8 19.f4 Ncd7 20.f5 Bg5 21.Qf2 Re8 22.N2f3 exf5
23.Nxf5 f6 24.Nd6 Re7 25.Nxg5 hxg5 26.exf6 Nxf6 27.Bxf6 gxf6 28.Qxf6+ Reg7
29.Ne8 Qb6+ 30.Kh1 g4 31.Re7 Ne6 32.Nxg7  1-0

[Event "Regionalliga NO9798"]
[Site "Bayern"]
[Date "1998.??.??"]
[Round "?"]
[White "Kuba, Stanislav"]
[Black "Huettl, Guenther"]
[Result "1-0"]
[WhiteElo "2200"]
[BlackElo "2065"]

1.Nf3 d5 2.g3 Nd7 3.Bg2 e5 4.O-O Ngf6 5.c4 dxc4 6.Qa4 Bd6 7.Qxc4 O-O 8.d3 h6
9.Bd2 Re8 10.Nc3 c6 11.b4 Nf8 12.b5 Be6 13.Qa4 Bd7 14.Qb3 Ne6 15.Qb2 Rc8
16.a4 b6 17.bxc6 Bxc6 18.Nb5 Bxb5 19.axb5 Qc7 20.Rfc1 Qb8 21.Rxc8 Rxc8 22.Bc3 Nd7
23.Bh3 g6 24.d4 e4 25.d5 Nec5 26.Nd4 Qb7 27.Nc6 Ra8 28.Qd2 Kh7 29.Qd4 f6
30.Bxd7 Qxd7 31.Qxf6 Rf8 32.Qh4 g5 33.Qh5 Bb8 34.Rd1 Bd6 35.Be5 Nb7 36.Bxd6 Nxd6
37.Ne5 Qg7 38.Ng4 Rc8 39.h4 Qg6 40.Qxg6+ Kxg6 41.hxg5 hxg5 42.Ne5+ Kf6 43.Nc6 Rc7
44.Rb1 Rd7 45.Rb4 Nc8 46.Rxe4 Rxd5 47.Rb4 Rc5 48.Nd4 Nd6 49.f3 Nc8 50.Kf2 Ke5
51.f4+ gxf4 52.gxf4+ Kd5 53.e4+ Kd6 54.Kf3 Rc3+ 55.Kg4 Kc5 56.Ra4 Rd3 57.Ne6+ Kxb5
58.Ra1 a5 59.f5 Nd6 60.e5 Nf7 61.Re1 a4 62.Nf4 Rd8 63.e6 Rg8+ 64.Ng6 Nd6
65.Kg5 Nxf5 66.Kxf5 a3 67.e7 Re8 68.Ke6 Kb4 69.Kd7 Rxe7+ 70.Nxe7 Kc4 71.Kc6 b5
72.Nd5 b4 73.Re4+  1-0

[Event "Regionalliga NO9798"]
[Site "Bayern"]
[Date "1998.??.??"]
[Round "?"]
[White "Kuba, Stanislav"]
[Black "Goetz, Andreas"]
[Result "1-0"]
[WhiteElo "2200"]
[BlackElo "2140"]

1.Nf3 d5 2.g3 c6 3.Bg2 Nf6 4.O-O Bf5 5.b3 h6 6.Bb2 e6 7.c4 Be7 8.d3 O-O 9.Nbd2 a5
10.Re1 a4 11.bxa4 Na6 12.Nd4 Bh7 13.N4b3 Bb4 14.cxd5 exd5 15.a3 Bd6 16.Qc2 Nd7
17.Qc3 Qf6 18.Qxf6 Nxf6 19.e4 dxe4 20.dxe4 Nd7 21.Nc4 Nac5 22.Nxc5 Bxc5 23.a5 Rfd8
24.Rab1 Be7 25.Bd4 Bc5 26.Bc3 Rdb8 27.Red1 Nf8 28.Bb4 Ne6 29.Rd7 Nf8 30.Rd2 Ne6
31.Kf1 Rd8 32.Rbd1 Bf8 33.Rxd8 Rxd8 34.Rxd8 Nxd8 35.Bxf8 Kxf8 36.Nd6 Ke7
37.Nxb7 Kd7 38.Nxd8 Kxd8 39.Ke2 Kc7 40.Ke3 c5 41.Bf1 Kc6 42.a4 f6 43.Bb5+ Kc7
44.Kd3 Bg6 45.a6 Bf7 46.a5 Kb8 47.f4  1-0

[Event "Regionalliga NO9798"]
[Site "Bayern"]
[Date "1998.??.??"]
[Round "?"]
[White "Fischer, Markus2"]
[Black "Meister, Thomas"]
[Result "1-0"]
[WhiteElo "2170"]
[BlackElo "2025"]

1.Nf3 d5 2.g3 Nf6 3.Bg2 c6 4.O-O Bf5 5.d3 Nbd7 6.Nh4 Bg4 7.h3 Bh5 8.g4 Bg6
9.f4 e6 10.e3 Bc5 11.Qe2 Qe7 12.a3 a5 13.Nd2 Ng8 14.Ndf3 f6 15.Nxg6 hxg6
16.d4 Bb6 17.c4 f5 18.g5 Qd8 19.Bd2 a4 20.Bb4 Ne7 21.Rfb1 Bc7 22.b3 b6 23.bxa4 Rxa4
24.cxd5 cxd5 25.Rc1 Kf7 26.Rc3 Qb8 27.Qb5  1-0

[Event "Regionalliga NO9899"]
[Site "Bayern"]
[Date "1998.??.??"]
[Round "?"]
[White "Riedlberger, Veit"]
[Black "Pfeiffer, Georg"]
[Result "1/2-1/2"]
[WhiteElo "1940"]
[BlackElo "1955"]

1.g3 d5 2.Nf3 Nf6 3.Bg2 g6 4.O-O Bg7 5.c4 c6 6.d3 O-O 7.Nc3 Bf5 8.Nh4 Be6
9.cxd5 Nxd5 10.Bd2 Nd7 11.Nf3 N7b6 12.a3 h6 13.h3 Qd7 14.Kh2 Rad8 15.Qc2 Qc7
16.Rac1 Nxc3 17.Bxc3 Bxc3 18.Qxc3 Qd6 19.b4 Nd5 20.Qb2 Nf6 21.Nd2 Qd4 22.Qc3 Qxc3
23.Rxc3 Bd5 24.Nb3 Bxb3 25.Rxb3 a6 26.Rc1 Nd5 27.a4 Nc7 28.Rc5 Rd6 29.e3 Rfd8
30.d4 Ne6 31.Rc2 Nc7 32.Bf1 Kf8 33.Rcb2 R6d7 34.Be2 e6 35.Kg2 Ke7 36.Kf3 Rb8
37.Rc2 Kd6 38.Rc5 Ke7 39.Kg2 Kd6 40.Rb1 Ke7 41.Bf1 Kd6 42.Rbc1 Rbd8 43.Be2 Rb8
44.Bf3 Ke7 45.Kf1 Rd6 46.Ke1 Rbd8 47.Be2 Rb8 48.Kd1 Rd7 49.Kc2 Rd6 50.Kb3 Rd7
51.Bf1 Rd6  1/2-1/2

[Event "Regionalliga NO9899"]
[Site "Bayern"]
[Date "1998.??.??"]
[Round "?"]
[White "Wasl, Ernst"]
[Black "Roeder, Gerd"]
[Result "0-1"]
[WhiteElo "2040"]
[BlackElo "2260"]

1.Nf3 d5 2.g3 c6 3.Bg2 Bg4 4.O-O Nd7 5.d3 Ngf6 6.Nbd2 e5 7.e4 dxe4 8.dxe4 Bc5
9.Qe2 O-O 10.Rd1 Qc7 11.h3 Bxf3 12.Nxf3 Rfe8 13.Nh4 g6 14.Bf3 Kg7 15.Qd2 Be7
16.Qc3 Nc5 17.Re1 a5 18.Qe3 Rad8 19.Bd2 Ne6 20.c3 Ng8 21.Rad1 Bxh4 22.gxh4 Qe7
23.Qb6 Qxh4 24.Bg2 Rxd2 25.Rxd2 Nf4 26.Qe3 Qg5 27.f3 Rd8 28.Rxd8 Qxg2+  0-1

[Event "Regionalliga NW9899"]
[Site "Bayern"]
[Date "1998.??.??"]
[Round "?"]
[White "Braun, Siegmund"]
[Black "Kolin, Julius"]
[Result "0-1"]
[WhiteElo "2035"]
[BlackElo "2135"]

1.Nf3 d5 2.g3 c6 3.Bg2 Bg4 4.d3 Nd7 5.c4 Bxf3 6.exf3 dxc4 7.dxc4 Ne5 8.Qb3 Nd3+
9.Ke2 Nc5 10.Qc2 Nf6 11.Rd1 Qc8 12.Kf1 g6 13.b4 Na6 14.a3 Bg7 15.Bb2 O-O
16.f4 Nc7 17.Nd2 a5 18.Nb3 axb4 19.axb4 Rxa1 20.Bxa1 Rd8 21.Na5 Ne6 22.Bh3 Rxd1+
23.Qxd1 b6 24.Nb3 Ne4 25.Bxg7 Kxg7 26.Nd4 f5 27.Bg2 c5 28.bxc5 bxc5 29.Nb5 Nf6
30.Qa1 Qd7 31.Bd5 Nc7 32.Nxc7 Qxc7 33.Qe5 Qd8 34.Qe6 Nxd5 35.cxd5 Qd6 36.Qe5+ Kg8
37.Ke1 h5 38.h4 Kf7 39.Kd2 Qa6 40.Qc7 Qa2+ 41.Kc3 Qxd5  0-1

[Event "Regionalliga NW9899"]
[Site "Bayern"]
[Date "1998.??.??"]
[Round "?"]
[White "Leyh, Martin"]
[Black "Kress, Manfred"]
[Result "1/2-1/2"]
[WhiteElo "1845"]
[BlackElo "2005"]

1.Nf3 d5 2.g3 c5 3.Bg2 Nc6 4.d4 e6 5.O-O Nf6 6.c4 dxc4 7.Qa4 Qa5 8.Qxc4 b5
9.Qc2 Nb4 10.Qd1 Bb7 11.dxc5 Bxc5 12.Nc3 Qb6 13.e3 O-O 14.Qe2 Nbd5 15.Bd2 Rfd8
16.Rfd1 a6 17.a4 Bc6 18.axb5 axb5 19.Rxa8 Rxa8 20.Ne5 Nxc3 21.Bxc3 Bxg2 22.Kxg2 b4
23.Bd4 Bxd4 24.Rxd4 Nd5 25.Qd2 f6 26.Nc4 Qc7 27.e4 e5 28.Rxd5 Qxc4 29.Rd8+ Rxd8
30.Qxd8+ Kf7 31.Qd7+  1/2-1/2

[Event "Landesliga Nord9798"]
[Site "Bayern"]
[Date "1998.??.??"]
[Round "?"]
[White "Fiedler, Wolfgang"]
[Black "Schneider, Bernd3"]
[Result "1/2-1/2"]
[WhiteElo "2135"]
[BlackElo "2025"]

1.Nf3 d5 2.g3 Nf6 3.Bg2 g6 4.O-O Bg7 5.d3 O-O 6.Nbd2 c6 7.e4 dxe4 8.dxe4 Bg4
9.h3 Bxf3 10.Qxf3 Nbd7 11.Qe2 Qb6 12.e5 Nd5 13.e6 Ne5 14.exf7+ Rxf7 15.Ne4 h6
16.c3 Raf8 17.Kh1 a5 18.f4 Nd7 19.Qg4 e5 20.Qxg6 exf4 21.gxf4 Ne5 22.Qg3 Nc4
23.f5 Nce3 24.Rg1 Nxf5 25.Qg6 Nh4 26.Qg4 Nf5 27.Qg6 Nh4 28.Qg4 Nf5  1/2-1/2

[Event "Landesliga Nord9798"]
[Site "Bayern"]
[Date "1998.??.??"]
[Round "?"]
[White "Beuchler, Holger"]
[Black "Heimrath, Reiner"]
[Result "0-1"]
[WhiteElo "2110"]
[BlackElo "2205"]

1.Nf3 d5 2.g3 Nf6 3.Bg2 e6 4.O-O Be7 5.d3 O-O 6.Nc3 c5 7.e4 Nc6 8.Nd2 Rb8
9.a4 a6 10.f4 b5 11.axb5 axb5 12.Ne2 dxe4 13.Nxe4 Bb7 14.Kh1 Ra8 15.Rxa8 Qxa8
16.N2c3 Nd4 17.Nxf6+ Bxf6 18.Ne4 Be7 19.c3 Nf5 20.Qe2 Rd8 21.Re1 h5 22.d4 cxd4
23.Qxb5 Nd6 24.Qe5 dxc3 25.bxc3 Nxe4 26.Rxe4 Rd1+  0-1

[Event "Regionalliga NW9798"]
[Site "Bayern"]
[Date "1998.??.??"]
[Round "?"]
[White "Karl, Winfried"]
[Black "Hutschenreuther, Udo"]
[Result "0-1"]
[WhiteElo "1915"]
[BlackElo "1960"]

1.Nf3 d5 2.g3 Nf6 3.Bg2 g6 4.O-O Bg7 5.d4 O-O 6.c3 Nbd7 7.Bf4 Ne4 8.Qc1 c6
9.Bh6 f6 10.Bxg7 Kxg7 11.Nfd2 Nd6 12.e4 dxe4 13.Nxe4 Nxe4 14.Bxe4 e5 15.dxe5 Nxe5
16.Nd2 Bh3 17.Bg2 Bxg2 18.Kxg2 Qd5+ 19.f3 Rad8 20.Nb3 Rfe8 21.Nd4 c5 22.Nc2 Nxf3
23.Ne3 Nh4+ 24.Kg1 Rxe3 25.gxh4 Re2 26.Rf2 Rxf2 27.Kxf2 Qf5+ 28.Kg1 Qg4+
29.Kh1 Qf3+ 30.Kg1 Rd5 31.Qc2 Qg4+ 32.Kh1 Qxh4 33.Rd1 Rg5 34.Rd7+ Kh6 35.Qe2 Qf4
36.Re7 Qc1+ 37.Qe1 Qxe1+ 38.Rxe1 Re5 39.Rd1 Kg5 40.Rd7 Re1+ 41.Kg2 Re2+ 42.Kg3 Rxb2
43.Rxh7 Rxa2 44.Rxb7 Ra3 45.Kg2 Rxc3 46.Rxa7 c4 47.Ra5+ f5 48.Ra6 Kh5 49.Ra5 Kg4
50.Rc5 Rc2+ 51.Kg1 g5 52.h3+ Kg3 53.Kf1 Rf2+ 54.Kg1 Rf4 55.h4 Kxh4 56.Kg2 Kg4
57.Kg1 Kg3 58.Rc8 Rd4 59.Kf1 f4  0-1

[Event "Landesliga Sued9798"]
[Site "Bayern"]
[Date "1998.??.??"]
[Round "?"]
[White "Egger, Thomas"]
[Black "Reilein, Christian"]
[Result "1/2-1/2"]
[WhiteElo "2305"]
[BlackElo "2265"]

1.Nf3 d5 2.g3 c6 3.Bg2 Bg4 4.O-O Nd7 5.d4 e6 6.c4 Be7 7.Nc3 Bxf3 8.Bxf3 f5
9.Bg2 Ngf6 10.Qd3 O-O 11.cxd5 cxd5 12.Bg5 a6 13.Rad1 b5 14.f3 b4 15.Na4 Qa5
16.b3 Rfc8 17.Bxf6 Nxf6 18.e4 g6 19.exf5 gxf5 20.Rc1 Nd7 21.Qe3 Nf8 22.g4 Rxc1
23.Rxc1 fxg4 24.fxg4 Qd8 25.Rf1 Rc8 26.Qf4 Qe8 27.Nb6 Rd8 28.Qe5 Bd6 29.Qg5+ Kh8
30.Nxd5 Nd7 31.Re1 Rc8 32.Qh6 Bf8 33.Qxe6 Qxe6 34.Rxe6 Bg7 35.Re4 Nf6 36.Nxf6 Bxf6
37.d5 Rc2 38.Rxb4 Rxa2 39.Rb8+ Kg7 40.Rb7+ Kh6 41.Be4 Kg5 42.Rxh7 Kxg4 43.d6 Rb2
44.Bd5 Rd2 45.Be6+ Kf3 46.Rh3+ Ke4 47.d7 Bg5 48.Kf1 Ke5 49.Bc4 Rxd7 50.Bxa6 Bf4
51.Be2 Rd2 52.b4 Rb2 53.b5 Ke4 54.Kf2 Be5 55.Rh4+ Kf5 56.Ke3 Rb3+ 57.Bd3+ Kg5
58.Rh7 Rb4  1/2-1/2

[Event "Regionalliga NW9798"]
[Site "Bayern"]
[Date "1998.??.??"]
[Round "?"]
[White "Leyh, Martin"]
[Black "Kreiling, Eduard"]
[Result "1/2-1/2"]
[WhiteElo "1820"]
[BlackElo "1920"]

1.Nf3 d5 2.g3 c6 3.Bg2 Nf6 4.b3 Bg4 5.Ne5 Bf5 6.Bb2 e6 7.d3 Nbd7 8.Nd2 Nxe5
9.Bxe5 Bd6 10.Bb2 O-O 11.O-O Re8 12.e4 dxe4 13.Nxe4 Be7 14.Qe2 Nxe4 15.dxe4 Bg6
16.Rfd1 Qc7 17.Rd2 Rad8 18.Rad1 Rxd2 19.Rxd2 Rd8 20.Qd1 Qa5 21.Rxd8+ Qxd8  1/2-1/2

[Event "Oberliga Bayern9798"]
[Site "Bayern"]
[Date "1998.??.??"]
[Round "?"]
[White "Kaiser, Wolfgang"]
[Black "Pcola, Pavel"]
[Result "1-0"]
[WhiteElo "2355"]
[BlackElo "2445"]

1.Nf3 d5 2.g3 Nf6 3.Bg2 b6 4.c4 e6 5.b3 Bb7 6.cxd5 Nxd5 7.Bb2 Nd7 8.O-O c5
9.a3 Qc7 10.d3 Rd8 11.Nbd2 N5f6 12.b4 cxb4 13.axb4 Bxf3 14.Nxf3 Bxb4 15.Qa4 a5
16.Rfc1 Qd6 17.Be5 Qd5 18.Bc7 b5 19.Qd1 Rc8 20.Ne5 Qd4 21.Nc6 Qg4 22.Nxb4 Qxb4
23.Bxa5 Rxc1 24.Qxc1 Qc5 25.Qxc5 Nxc5 26.Bb4 Na4 27.Bc6+ Kd8 28.Bxb5 Nb6
29.Ra7  1-0

[Event "Oberliga Bayern9798"]
[Site "Bayern"]
[Date "1998.??.??"]
[Round "?"]
[White "Kaiser, Wolfgang"]
[Black "Duer, Werner"]
[Result "1/2-1/2"]
[WhiteElo "2355"]
[BlackElo "2210"]

1.Nf3 d5 2.g3 c6 3.Bg2 Bg4 4.b3 Nd7 5.Bb2 Ngf6 6.d3 e6 7.Nbd2 Bd6 8.O-O O-O
9.h3 Bh5 10.e4 e5 11.Re1 Qc7 12.g4 Bg6 13.Nh4 dxe4 14.dxe4 Rfe8 15.Nf5 Bf8
16.Qf3 Nc5 17.h4 Rad8 18.Rad1 h5 19.g5 Ng4 20.Bh3 Bxf5 21.Qxf5 g6 22.Qf3 Ne6
23.Bxg4 hxg4 24.Qxg4 Bb4 25.c3 Bc5 26.b4 Bb6 27.Nc4 Nf4 28.Qf3 a6 29.Bc1 Nh5
30.Nxb6 Qxb6 31.Rxd8 Rxd8 32.Rd1 Qc7 33.Kh2 Rd6 34.Be3 Qd7 35.Rxd6 Qxd6 36.Bb6 Nf4
37.Bc5 Qd2 38.Bb6 Qxa2 39.Qg4 Qc4 40.Qc8+ Kh7 41.Qe8 Qxe4 42.Qxf7+ Kh8 43.Qf8+ Kh7
44.Qf7+  1/2-1/2

[Event "Regionalliga SO9899"]
[Site "Bayern"]
[Date "1998.??.??"]
[Round "?"]
[White "Pierer, Christian"]
[Black "Kunze, Holger"]
[Result "0-1"]
[WhiteElo "2030"]
[BlackElo "2095"]

1.Nf3 d5 2.g3 Nf6 3.Bg2 Bf5 4.O-O e6 5.d3 Be7 6.Nbd2 O-O 7.b3 h6 8.Bb2 a5
9.a4 c6 10.Qe1 Na6 11.e4 Bh7 12.Qe2 Nb4 13.Ne1 Qb6 14.Kh1 dxe4 15.Nxe4 Nxe4
16.Bxe4 Bxe4+ 17.Qxe4 Qc5 18.Qg4 Qg5 19.Qxg5 Bxg5 20.f4 Bd8 21.Rf2 Bc7 22.Re2 Rfd8
23.Nf3 Rd5 24.Bc3 Bd6 25.Bxb4 Bxb4 26.Re4 Rad8 27.Rc4 Rc5 28.Rxc5 Bxc5 29.Re1 Bd6
30.Re4 g6 31.Kg2 Kf8 32.Ne5 h5 33.Nc4 Bc7 34.Ne5 Ke7 35.Nf3 Rd5 36.Rd4 Rxd4
37.Nxd4 e5 38.fxe5 Bxe5 39.Ne2 Ke6 40.Kf3 g5 41.d4 Bd6 42.c4 g4+ 43.Ke3 h4
44.Ke4 f5+ 45.Ke3 h3 46.Nf4+ Kf6 47.Ne2 Kg5 48.Kf2 Kg6 49.Ke3 Kf6 50.Nf4 Ba3
51.Ne2 Bf8 52.Kd3 Bh6 53.Kc3 Be3 54.b4 axb4+ 55.Kxb4 f4 56.gxf4 Bf2  0-1

[Event "Regionalliga NW9798"]
[Site "Bayern"]
[Date "1998.??.??"]
[Round "?"]
[White "Zentgraf, Alexander"]
[Black "Gies, Hans Joerg"]
[Result "0-1"]
[WhiteElo "1665"]
[BlackElo "1725"]

1.Nf3 d5 2.g3 Nf6 3.Bg2 e6 4.O-O Be7 5.d3 O-O 6.Nbd2 c5 7.e4 Nc6 8.Re1 b6
9.e5 Nd7 10.Nf1 Qc7 11.Bf4 Ba6 12.h4 Rad8 13.N1h2 d4 14.Ng4 c4 15.Ng5 Bxg5
16.hxg5 Nc5 17.Nf6+ gxf6 18.gxf6 Kh8 19.Bh6 Rg8 20.Qh5 Rg6 21.Bg7+ Kg8 22.Be4 Nxe5
23.Qxh7+ Kxh7 24.Kg2 Kg8  0-1

[Event "Regionalliga NW9798"]
[Site "Bayern"]
[Date "1998.??.??"]
[Round "?"]
[White "Zentgraf, Alexander"]
[Black "Niedermayer, Barbara"]
[Result "1-0"]
[WhiteElo "1665"]
[BlackElo "1770"]

1.Nf3 d5 2.g3 e6 3.Bg2 c6 4.O-O Bd6 5.d3 Nf6 6.Nbd2 Na6 7.Re1 Qc7 8.c3 e5
9.b4 d4 10.cxd4 Nxb4 11.dxe5 Bxe5 12.Nxe5 Qxe5 13.Ba3 a5 14.Nc4 Qc7 15.Qd2 c5
16.Bb2 Ra6 17.a3 Nbd5 18.Be5 Qe7 19.d4 b5 20.Nd6+ Rxd6 21.Bxd6 Qxd6 22.dxc5 Qe5
23.Rad1 Bb7 24.e4 O-O 25.exd5 Qh5 26.c6 Bc8 27.d6 Bg4 28.d7  1-0

[Event "Regionalliga SW9798"]
[Site "Bayern"]
[Date "1998.??.??"]
[Round "?"]
[White "Muench, Klaus Norbert"]
[Black "Schmeidler, Martin"]
[Result "1-0"]
[WhiteElo "2030"]
[BlackElo "2070"]

1.Nf3 d5 2.g3 Nf6 3.Bg2 c5 4.O-O e6 5.d3 Be7 6.Nbd2 O-O 7.e4 Nc6 8.Re1 b6
9.e5 Nd7 10.Nf1 Qc7 11.Bf4 Ba6 12.h4 Rae8 13.N1h2 Qc8 14.Ng5 h6 15.Qh5 hxg5
16.hxg5 Bd8 17.Ng4 Nd4 18.Be4 dxe4 19.Kg2 exd3 20.f3 Qc6 21.Re4 Nxf3 22.Rh1 Nh4+
23.Rxh4 Qxe4+ 24.Kh3 f6 25.g6  1-0

[Event "Oberliga Bayern9899"]
[Site "Bayern"]
[Date "1998.??.??"]
[Round "?"]
[White "Urankar, Hans Peter"]
[Black "Lichtenstern, Christoph"]
[Result "1-0"]
[WhiteElo "2160"]
[BlackElo "2190"]

1.Nf3 d5 2.g3 Nf6 3.Bg2 e6 4.O-O Be7 5.d3 O-O 6.Nbd2 c5 7.e4 Nc6 8.e5 Ng4
9.Re1 f5 10.Nb3 c4 11.Nbd4 cxd3 12.Qxd3 Qc7 13.c3 a6 14.h3 Nxd4 15.Nxd4 Nxe5
16.Qe2 Bd6 17.f4 Nf7 18.Nxe6 Bc5+ 19.Nxc5 Qxc5+ 20.Be3 Qc6 21.Bd4 b5 22.Qh5 Be6
23.Re3 Rae8 24.Rae1 Nh8 25.Qe2 Bf7 26.Qd3 Re4 27.Bxe4 fxe4 28.Qe2 Qh6 29.Bc5 Rc8
30.b4 Qxh3 31.g4 Qh4 32.Kg2 Ng6 33.Rf1 Qf6 34.Bd4 Qd6 35.Qf2 Qe7 36.Rh3 e3
37.Rxe3 Qd8  1-0

[Event "Oberliga Bayern9899"]
[Site "Bayern"]
[Date "1998.??.??"]
[Round "?"]
[White "Haag, Wolfgang"]
[Black "Keller, Manfred"]
[Result "1-0"]
[WhiteElo "2275"]
[BlackElo "2170"]

1.Nf3 d5 2.g3 Nf6 3.Bg2 e6 4.O-O Be7 5.d3 O-O 6.Nbd2 c5 7.e4 Nc6 8.c3 b5
9.a4 b4 10.exd5 exd5 11.Nb3 Ba6 12.Re1 Rb8 13.Be3 bxc3 14.bxc3 Bxd3 15.Nxc5 Bc4
16.Nd2 Na5 17.Nxc4 Nxc4 18.Bd4 Re8 19.Nd3 Nd6 20.Bxa7 Rc8 21.Nf4 Nde4 22.Nxd5 Qxd5
23.Qxd5 Nxd5 24.Bxe4 Nxc3 25.Bf3 Bf6 26.Rxe8+ Rxe8 27.Ra3 g5 28.h3 Re6 29.Be3 Ra6
30.a5 Nb1 31.Rb3 Nc3 32.Rb6  1-0

[Event "Oberliga Bayern9899"]
[Site "Bayern"]
[Date "1998.??.??"]
[Round "?"]
[White "Angermueller, Oliver"]
[Black "Niessen, Helga"]
[Result "1-0"]
[WhiteElo "2110"]
[BlackElo "2085"]

1.Nf3 d5 2.g3 c5 3.Bg2 g6 4.c4 d4 5.b4 Bg7 6.d3 cxb4 7.a3 Qb6 8.axb4 Qxb4+
9.Nbd2 Nc6 10.O-O Nh6 11.Rb1 Qa5 12.Nb3 Qd8 13.Nc5 Rb8 14.Bf4 e5 15.Bg5 f6
16.Bxh6 Bxh6 17.Ng5 Qd6 18.Qa4 Bxg5 19.Bxc6+ bxc6 20.Rxb8 Qxb8 21.Qxc6+ Ke7
22.h4 Bh6 23.Ne4 Qb6 24.Qa4 f5 25.Qa3+ Kf7 26.c5 Qc7 27.Nd6+ Kf6 28.Rb1 Rd8
29.Nb5 Qb7 30.Qa1 Qc6 31.Qa3 Bb7 32.f3 Bf8 33.Nxa7 Qa6 34.Rb6+ Kg7 35.Rxa6 Bxa6
36.Qxa6 Bxc5 37.Nc6 Bd6 38.Nxd8 Be7 39.Nc6 Bd6 40.Qb7+ Kf6 41.Qxh7  1-0

[Event "Oberliga Bayern9798"]
[Site "Bayern"]
[Date "1998.??.??"]
[Round "?"]
[White "Dalinger, Valerie"]
[Black "Pcola, Pavel"]
[Result "1-0"]
[WhiteElo "2195"]
[BlackElo "2450"]

1.Nf3 d5 2.g3 Nf6 3.Bg2 Bf5 4.O-O h6 5.d3 Nbd7 6.Nbd2 e6 7.Qe1 Be7 8.e4 dxe4
9.dxe4 Bh7 10.Qe2 c6 11.b3 Nc5 12.Rd1 Qc7 13.Nd4 Rd8 14.Bb2 O-O 15.a4 a5
16.f3 Rd7 17.Kh1 Rfd8 18.Nc4 Na6 19.e5 Nd5 20.f4 Bc5 21.Be4 Bxe4+ 22.Qxe4 Ndb4
23.Rac1 Be7 24.Rd2 Nc5 25.Qf3 f5 26.g4 Ne4 27.Rg2 Rxd4 28.Bxd4 Rxd4 29.gxf5 exf5
30.Rcg1 Bf8 31.Ne3 Qf7 32.Qh3 Rd2 33.Nxf5 Rxg2 34.Nxh6+ gxh6 35.Qxg2+ Ng5
36.fxg5 Qd5 37.gxh6+ Kh7 38.Qxd5 cxd5 39.c3 Nc6 40.Rd1 Kxh6 41.Rxd5 Bg7 42.Rb5 Nd8
43.Rxa5 Kg6 44.Rd5 Ne6 45.b4 Kf5 46.Rd7 Kxe5 47.Rxb7 Kd5 48.a5 Bxc3 49.a6  1-0

[Event "Landesliga Sued 9899"]
[Site "Bayern"]
[Date "1998.??.??"]
[Round "?"]
[White "Phildius, Bernhard"]
[Black "Kuehn, Karsten"]
[Result "1-0"]
[WhiteElo "2195"]
[BlackElo "2005"]

1.Nf3 d5 2.g3 Nf6 3.Bg2 e6 4.O-O c5 5.d3 Nc6 6.Nbd2 Be7 7.e4 dxe4 8.dxe4 e5
9.c3 O-O 10.Qc2 Qc7 11.Re1 Be6 12.Ng5 Bd7 13.Nc4 h6 14.Nf3 Be6 15.Ne3 Rad8
16.Bf1 Ng4 17.Nf5 a6 18.h3 Nf6 19.g4 Nh7 20.Bg2 Bc4 21.Re3 Rfe8 22.Nd2 Be6
23.Rg3 Bg5 24.Nf1 Bf4 25.N1e3 Bxg3 26.fxg3 Ne7 27.c4 Rd7 28.Nd5 Nxd5 29.cxd5 Bxf5
30.gxf5 Qd6 31.Be3 Rc7 32.g4 Rec8 33.h4 Qf6 34.Qf2 b5 35.Qg3 Qd6 36.g5 h5
37.Bh3 Re8 38.g6 fxg6 39.fxg6 Nf6 40.Qg5 Rb7 41.Rf1 c4 42.Rxf6 gxf6 43.Qxh5 Qb4
44.Kh2 Qxb2+ 45.Bg2 Qa3 46.Bf2 c3 47.g7 Rbb8 48.Bh3 Qd6 49.Bf5 Kxg7 50.Qh7+ Kf8
51.Be3 Re7 52.Bh6+ Ke8 53.Qg8+  1-0